Countries A-Z Closest To An Unknown Country #11 - Statistics

General Stats
  • This quiz has been taken 442 times
  • The average score is 21 of 25
Answer Stats
Letter Country % Correct
Y Yemen
96%
O Oman
94%
Q Qatar
94%
Z Zambia
94%
I India
93%
V Vietnam
87%
J Jordan
86%
L Laos
86%
P Pakistan
85%
R Russia
85%
B Bangladesh
84%
N Nepal
84%
A Afghanistan
83%
C Cambodia
83%
T Thailand
83%
F France
82%
H Hungary
81%
K Kyrgyzstan
79%
D Djibouti
74%
M Maldives
74%
U United Arab Emirates
74%
S Singapore
72%
Now Guess the Country! Sri Lanka
71%
E Ethiopia
69%
G Georgia
66%
No matching quizzes found
Score Distribution
Percent of People with Each Score
Percentile by Number Answered
Your Score History
You have not taken this quiz